| 000 | 00458 a2200181 4500 | ||
|---|---|---|---|
| 999 |
_c12298 _d12298 |
||
| 003 | OSt | ||
| 005 | 20231117152735.0 | ||
| 008 | 231117b ||||| |||| 00| 0 eng d | ||
| 020 | _a9781774636251 | ||
| 040 | _aBMSCA | ||
| 041 | _aeng. | ||
| 082 |
_223 _a307.121 _bETI |
||
| 100 | _aETINGOFF.KIMBERLY | ||
| 245 | _aSUSTAINABLE CITIES: URBAN PLANNING CHALLENGES AND POLICY | ||
| 260 |
_bApple Academic Press Inc _c2021 |
||
| 300 | _a268,p.: | ||
| 942 | _2ddc | ||